Henri Matisse: 1869-1954 maestro del color

Gorde:
Xehetasun bibliografikoak
Egile nagusia: Essers, Volkmar (Egilea)
Formatua: Liburua
Hizkuntza:gaztelania
Argitaratua: Colonia Benedikt Taschen 1990
Gaiak:
Etiketak: Etiketa erantsi
Etiketarik gabe, Izan zaitez lehena erregistro honi etiketa jartzen!

MARC

LEADER 00000nam a2200000 a 4500
001 UCV9162
003 CL-VaPUC
008 920612e19900000GW |||||||||||||||||spa|d
020 |a 3822802131 
082 0 4 |a 759.4  |b ESS  |2 21 
100 |a Essers, Volkmar  |e author  |9 557652 
245 1 0 |a Henri Matisse: 1869-1954 maestro del color 
300 |a 95 p 
942 |c BK 
945 |d 19920612 00:00:00 
260 |a Colonia  |b Benedikt Taschen  |c 1990 
600 0 |a Matisse, Henri,  |d 1869-1954  |9 553758 
650 0 |a Pintores   |9 265963 
650 7 |a SIGLOS 19-20  |2 CL-VaPUC  |9 267705 
651 0 |a Francia  |9 255157 
583 |a last modification  |c 19920612 00:00:00  |k Rodrigo Vera 
999 |c 214542  |d 214540 
952 |0 0  |1 0  |4 0  |6 759_400000000000000_ESS_1990  |7 0  |8 A  |9 198011  |a BIBARQ  |b BIBARQ  |d 2019-11-14  |i 2656124  |o 759.4 ESS 1990  |p 2656124  |r 2025-01-20  |w 2019-11-14  |y BK  |k ARQ 
952 |0 0  |1 0  |4 0  |6 759_400000000000000_ESS_1990  |7 0  |8 A  |9 198012  |a BIBHIS  |b BIBHIS  |d 2019-11-14  |i 3624390  |o 759.4 ESS 1990  |p 3624390  |r 2025-01-20  |w 2019-11-14  |y BK  |k HIS 
952 |0 0  |1 0  |4 0  |6 759_400000000000000_ESS_1990  |7 0  |8 A  |9 198013  |a BIBARQ  |b BIBARQ  |d 2019-11-14  |i 412748K  |o 759.4 ESS 1990  |p 412748K  |r 2025-01-20  |w 2019-11-14  |y BK  |k ARQ